| 000 | 00445nam a22001937a 4500 | ||
|---|---|---|---|
| 003 | LK-CoDNM | ||
| 005 | 20241220145216.0 | ||
| 008 | 241220b |||||||| |||| 00| 0 eng d | ||
| 040 |
_aLK-CoDNM _dLK-CoDNM _eLK-CoDNM |
||
| 041 | _aeng | ||
| 080 |
_a2 _bR22 |
||
| 100 | _aN. Annandale | ||
| 245 |
_aExplanation of plate _bPlate I-V |
||
| 260 | _c1906 | ||
| 300 | _b20p. : ill ; 28 cm | ||
| 650 | _a1906 | ||
| 650 | _aScience | ||
| 942 | _cBK | ||
| 999 |
_c233865 _d233865 |
||